mysqli: Table './ulib62015/stat_globaluid' is marked as crashed and should be repaired
select id from stat_globaluid where statuid='20260517114142_4993'
mysqli: Table './ulib62015/stat_globaluid' is marked as crashed and should be repaired
DELETE FROM stat_globaluid
WHERE id NOT IN (
SELECT id
FROM (
SELECT id
FROM stat_globaluid
ORDER BY id DESC
LIMIT 100
) foo
);
mysqli: Table './ulib62015/stat_globaluid' is marked as crashed and should be repaired
insert into stat_globaluid set
statuid='20260517114142_4993',
dt='1778992902',
phpself='/ULIB62015/dublinfull.php',
agent='Mozilla/5.0 AppleWebKit/537.36 (KHTML, like Gecko; compatible; Amazonbot/0.1; +https://developer.amazon.com/support/amazonbot) Chrome/119.0.6045.214 Safari/537.36',
yea='2026',
mon='5',
dat='17',
ip='98.83.10.183'
mysqli: Table './ulib62015/stathist_viewbib_bib_type' is marked as crashed and should be repaired
insert into stathist_viewbib_bib_type set
dat='17' ,
mon='05' ,
yea='2026' ,
statuid='20260517114142_4993' ,
head='13399121257' ,
foot='marc' ,
dt='1778992902'
LEADER : 00000nam 2200000uu 4500
001 13399121257
003 ULIB
008 150529s||||||||th 000 0 tha d
020 ^a9780702033889
024 0 ^a9780702033889
060 0 ^aQV766^bF981 2012
245 00 ^aFundamentals of pharmacognosy and phytotherapy /^cMichael Heinrich ... [et al.] ; foreword, A. Douglas Kinghorn ; epilogue, J. David Phillipson ; illustrations by Debbie Maizels and Simon Gibbons